| 000 | 00558nam a2200193Ia 4500 | ||
|---|---|---|---|
| 005 | 20250423100104.0 | ||
| 008 | 250422s9999 xx 000 0 und d | ||
| 020 | _a9781138135758 | ||
| 050 | _aNA 1996 .T86/ | ||
| 100 | _aTunstall, Gavin | ||
| 245 | 0 | _aManaging the building design process | |
| 250 | _a2nd ed. | ||
| 260 | _aNew York | ||
| 260 | _bTaylor & Francis Group | ||
| 260 | _c2016 | ||
| 300 | _a367 p | ||
| 650 | _aArchitectural practice--Management. Construction industry--Management. Architectural practice--Management. | ||
| 942 | _cBK | ||
| 999 |
_c32249 _d32249 |
||